| 000 | 01054nam2a22002411 4500 | ||
|---|---|---|---|
| 001 | RU\NLR\INFOCOMM4\1000507534 | ||
| 005 | 20250617150442.0 | ||
| 035 | _a(NLR Aleph) 002734108 | ||
| 090 |
_a1991891 _c1991891 |
||
| 100 | _a20040201d1970 |||y0rusy50 ca | ||
| 101 | 0 | _arus | |
| 102 | _aRU | ||
| 105 | _ay ||||||||| | ||
| 200 | 1 |
_aГенетика иммунного ответа _eДоклад науч. группы ВОЗ |
|
| 210 |
_d1970 _aБ. м. |
||
| 461 | 0 |
_1001RU\NLR\INFOCOMM4\1000507343 _12001#$aСерия технических докладов$fВсемирная организация здравоохранения$v№402 _91990338 _aВсемирная организации здравоохранения _c[М.] _d1951- _fВсемирная организация здравоохранения _nМедицина _tСерия технических докладов _v№402 |
|
| 801 | 1 |
_aRU _bInfoComm _c20040201 |
|
| 801 | 0 |
_aRU _bNLR _gPSBO |
|
| 852 |
_aNLR _jП16/1130 |
||
| 942 | _cISSUE | ||
| 980 | _aNB | ||
| 980 | _aRUSPER | ||